Règim disciplinari dels funcionaris : 00-06-001/88 / Comitè Assessor per a l'Estudi de l'Organització de l'Administració 00-06-001/88 / Comitè Assessor per a l'Estudi de l'Organització de l'Administració
Descripción Física:
125 p. ; 30 cm
Colección:
Manual de normes i procediments ; 1
MARC
| LEADER | 00000nam a2200000Ia 4500 | ||
|---|---|---|---|
| 001 | 15086 | ||
| 008 | 160829s1989 xx 000 0 cat d | ||
| 080 | |a M-4-281 | ||
| 245 | |a Règim disciplinari dels funcionaris : |b 00-06-001/88 / Comitè Assessor per a l'Estudi de l'Organització de l'Administració | ||
| 260 | |a Barcelona : |b Generalitat de Catalunya, Departament de Governació, |c 1989 | ||
| 300 | |a 125 p. ; |c 30 cm | ||
| 490 | |a Manual de normes i procediments ; 1 | ||
| 650 | |a Sancions administratives |x Catalunya |9 22047 | ||
| 650 | |a Catalunya |x Funcionaris i empleats |x Disciplina |9 22048 | ||
| 650 | |a Funcionaris |x Disciplina |9 25162 | ||
| 700 | |a Catalunya. Comitè Assessor per a l'Estudi de l'Organització de l'Administració |9 22050 | ||
| 901 | |a Arxiu | ||
| 942 | |n 1 | ||
| 952 | |0 0 |1 0 |4 0 |6 M4281 |7 1 |9 42029 |a Arxiu |b Arxiu |d 2016-12-01 |l 0 |o M-4-281 |p 15086 |r 2016-12-01 00:00:00 |w 2016-12-01 |y ARXIU | ||
| 999 | |c 44476 |d 44476 | ||